| 000 | 00375nam a22001337a 4500 | ||
|---|---|---|---|
| 005 | 20150915113656.0 | ||
| 008 | 150915b xxu||||| |||| 00| 0 eng d | ||
| 040 | _cPK-LaUMT | ||
| 082 |
_aKHC 301.6 _bFRO- |
||
| 245 |
_aFrom max weber _bessays in sociology _cH.H. Gerth and C. wright Mills(Edited |
||
| 260 |
_aNew York _bA galaxy book _c1958 |
||
| 300 | _a490 p. | ||
| 942 | _cBK | ||
| 999 |
_c75789 _d75789 |
||